Proyecto de electrificación a través de energía eólica en la comunidad de Layaziksa zona rural de la Costa Atlántica Norte nicaragüense
El propósito de este estudio consiste en formular un proyecto de una central eólica energía renovable sostenible y a bajo costo, que involucre a la comunidad de Layaziksa zona rural de la Costa Atlántica Norte nicaragüense en la ejecución del mismo.
| Main Authors: | , , |
|---|---|
| Other Authors: | |
| Format: | Tesis Section = Libro |
| Language: | Undetermined Spanish |
| Published: |
Managua
UNI
2010
|
| Subjects: |
| LEADER | 01167nam a2200265Ia 4500 | ||
|---|---|---|---|
| 008 | 240830s9999 xx 000 0 und d | ||
| 040 | |a BIBLIOTECA-RUSB/ T.Mon 621.312136 B188 | ||
| 041 | |a spa | ||
| 082 | |a T.Mon 621.312136 B188 | ||
| 100 | 1 | |a Balladares, Miguel Ángel | |
| 100 | 1 | |b Gaitán Muñoz, Henry | |
| 100 | 1 | |c Ríos Blanco, Gerald | |
| 245 | 1 | 0 | |a Proyecto de electrificación a través de energía eólica en la comunidad de Layaziksa zona rural de la Costa Atlántica Norte nicaragüense |
| 260 | |a Managua |b UNI |c 2010 | ||
| 300 | |a 53 p. :il. | ||
| 502 | |a Tesis (Ingeniero Eléctrico) - UNI, 2010. | ||
| 520 | 3 | |a El propósito de este estudio consiste en formular un proyecto de una central eólica energía renovable sostenible y a bajo costo, que involucre a la comunidad de Layaziksa zona rural de la Costa Atlántica Norte nicaragüense en la ejecución del mismo. | |
| 650 | 7 | |a ENERGÍA EÓLICA | |
| 650 | 7 | |b RECURSOS ENERGÉTICOS RENOVABLES | |
| 650 | 7 | |c TURBINAS DE AIRE | |
| 650 | 7 | |d VIVIENDAS - ABASTECIMIENTO DE ENERGÍA | |
| 700 | 1 | |a Tutor: |b González Mena, Juan | |
| 942 | |c BK |2 ddc | ||
| 991 | |a TESIS | ||
| 999 | |c 21825 | ||